Poetic landscape : the art and experience of Sanford R. Gifford /

Bibliographic Details
Main Author: Weiss, Ila, 1939-
Format: Book
Language:English
Published: Newark : Cranbury, NJ : University of Delaware Press ; Associated University Presses, [1987]
Series:American arts series.
Subjects:

MARC

Tag First Indicator Second Indicator Subfields
LEADER 00000cam a2200000 a 4500
001 in00000024699
005 20151007054354.0
008 851018s1987 deuaf b 00110 eng
010 |a  84040805  
020 |a 0874131995 (alk. paper) 
035 |a (OCoLC)12806956 
035 |9 AAB4842AM 
040 |a DLC  |c DLC  |d TXA  |d UtOrBLW 
043 |a n-us--- 
049 |a TXAM  |c [A11031647] 
050 0 0 |a ND237.G4  |b W43 1987 
082 0 |a 759.13  |2 19 
100 1 |a Weiss, Ila,  |d 1939- 
245 1 0 |a Poetic landscape :  |b the art and experience of Sanford R. Gifford /  |c Ila Weiss. 
264 1 |a Newark :  |b University of Delaware Press ;  |a Cranbury, NJ :  |b Associated University Presses,  |c [1987] 
264 4 |c ©1987 
300 |a 377 pages, 16 unnumbered pages of plates :  |b illustrations (some color) ;  |c 32 cm. 
336 |a text  |b txt  |2 rdacontent 
337 |a unmediated  |b n  |2 rdamedia 
338 |a volume  |b nc  |2 rdacarrier 
490 1 |a The American arts series/University of Delaware Press 
504 |a Bibliography: pages 359-364. 
500 |a Includes index. 
600 1 0 |a Gifford, Sanford Robinson,  |d 1823-1880  |x Criticism and interpretation. 
650 0 |a Luminism (Art) 
650 0 |a Landscape painting, American  |y 19th century. 
830 0 |a American arts series. 
999 |a MARS 
999 f f |s 9b8f6178-c532-3e5e-873e-663083f70c37  |i 712367bb-8fd0-3680-ad2b-400f0ad04a8d  |t 0 
952 f f |p normal  |a Texas A&M University  |b College Station  |c Sterling C. Evans Library  |d Evans: Library Stacks  |t 0  |e ND237.G4 W43 1987  |h Library of Congress classification  |i unmediated -- volume  |m A14811031647 
998 f f |a ND237.G4 W43 1987  |t 0  |l Evans: Library Stacks